Arab spring in Egypt : (Record no. 17160)
[ view plain ]
| 000 -LEADER | |
|---|---|
| fixed length control field | 01244cam a22003255a 4500 |
| 001 - CONTROL NUMBER | |
| control field | 17568688 |
| 005 - DATE AND TIME OF LATEST TRANSACTION | |
| control field | 20160727155651.0 |
| 008 - FIXED-LENGTH DATA ELEMENTS--GENERAL INFORMATION | |
| fixed length control field | 121219s2012 ua a frb 001 0 eng d |
| 010 ## - LIBRARY OF CONGRESS CONTROL NUMBER | |
| LC control number | 2012275092 |
| 020 ## - INTERNATIONAL STANDARD BOOK NUMBER | |
| International Standard Book Number | 9789774165368 |
| 020 ## - INTERNATIONAL STANDARD BOOK NUMBER | |
| International Standard Book Number | 9774165365 |
| 043 ## - GEOGRAPHIC AREA CODE | |
| Geographic area code | f-ua--- |
| 082 04 - DEWEY DECIMAL CLASSIFICATION NUMBER | |
| Classification number | 321.0940962 |
| Item number | ARA |
| Edition number | 22 |
| 245 00 - TITLE STATEMENT | |
| Title | Arab spring in Egypt : |
| Remainder of title | revolution and beyond / |
| Statement of responsibility, etc | edited by Bahgat Korany, Rabab El-Mahdi. |
| 250 ## - EDITION STATEMENT | |
| Edition statement | An AUC Forum for International Affairs ed. |
| 260 ## - PUBLICATION, DISTRIBUTION, ETC. (IMPRINT) | |
| Place of publication, distribution, etc | Cairo ; |
| -- | New York : |
| Name of publisher, distributor, etc | The American University in Cairo Press, |
| Date of publication, distribution, etc | 2012. |
| 300 ## - PHYSICAL DESCRIPTION | |
| Extent | xiii, 349 p. : |
| Other physical details | ill. ; |
| Dimensions | 24 cm. |
| 500 ## - GENERAL NOTE | |
| General note | Index : p. 337-349. |
| 504 ## - BIBLIOGRAPHY, ETC. NOTE | |
| Bibliography, etc | Bibliography : p. 313-336. |
| 541 ## - IMMEDIATE SOURCE OF ACQUISITION NOTE | |
| Source of acquisition | Donation from Farid Khamis. |
| 650 #7 - SUBJECT ADDED ENTRY--TOPICAL TERM | |
| Topical term or geographic name as entry element | Arab Spring, 2010- |
| 9 (RLIN) | 38992 |
| Source of heading or term | BUEsh |
| 650 #7 - SUBJECT ADDED ENTRY--TOPICAL TERM | |
| Topical term or geographic name as entry element | Revolutions |
| Geographic subdivision | Egypt |
| 9 (RLIN) | 29286 |
| Source of heading or term | BUEsh |
| Chronological subdivision | 21st century. |
| 650 #7 - SUBJECT ADDED ENTRY--TOPICAL TERM | |
| Topical term or geographic name as entry element | Democratization |
| Geographic subdivision | Egypt |
| General subdivision | History |
| Chronological subdivision | 21st century. |
| 9 (RLIN) | 32078 |
| Source of heading or term | BUEsh |
| 650 #7 - SUBJECT ADDED ENTRY--TOPICAL TERM | |
| Topical term or geographic name as entry element | Protest movements |
| Geographic subdivision | Egypt |
| General subdivision | History |
| Chronological subdivision | 21st century. |
| 9 (RLIN) | 32079 |
| Source of heading or term | BUEsh |
| 651 #7 - SUBJECT ADDED ENTRY--GEOGRAPHIC NAME | |
| Geographic name | Egypt |
| General subdivision | Politics and government |
| Chronological subdivision | 21st century. |
| 9 (RLIN) | 32080 |
| Source of heading or term | BUEsh |
| 653 ## - INDEX TERM--UNCONTROLLED | |
| Resource For college | BAEPS, Political Science |
| -- | Law |
| Arrived date list | January2013 |
| -- | July2016 |
| 700 1# - ADDED ENTRY--PERSONAL NAME | |
| Personal name | Korany, Bahgat, |
| Relator term | editor. |
| 9 (RLIN) | 32081 |
| 700 1# - ADDED ENTRY--PERSONAL NAME | |
| Personal name | El-Mahdi, Rabab, |
| Relator term | editor. |
| 9 (RLIN) | 32082 |
| 942 ## - ADDED ENTRY ELEMENTS (KOHA) | |
| Source of classification or shelving scheme | Dewey Decimal Classification |
| Item type | Book - Borrowing |
| Withdrawn status | Item status | Source of classification or shelving scheme | Damaged status | Not for loan | Vendor | Home library | Current library | Shelving location | Date acquired | Source of acquisition | Cost, normal purchase price | Serial Enumeration / chronology | Total Checkouts | Total Renewals | Full call number | Barcode | Date last seen | Date last borrowed | Koha item type |
|---|---|---|---|---|---|---|---|---|---|---|---|---|---|---|---|---|---|---|---|
| Dewey Decimal Classification | AUC | Central Library | Central Library | First floor | 29/01/2013 | Purchase | 145.00 | 1 | 10 | 46 | 321.0940962 ARA | 000027918 | 15/07/2025 | 09/03/2020 | Book - Borrowing | ||||
| Dewey Decimal Classification | Central Library | Central Library | First floor | 27/07/2016 | Donation | 8 | 61 | 321.0940962 ARA | 000033004 | 25/10/2025 | 26/02/2025 | Book - Borrowing |